[Event "Treviso op-C 4th"]
[Site "Treviso"]
[Date "2023.04.02"]
[Round "4"]
[White "Huang, Andy1111"]
[Black "Catania, Tommaso"]
[Result "1/2-1/2"]
[WhiteElo "999"]
[BlackElo "999"]
[PlyCount "57"]
[EventDate "2023.03.31"]
[EventType "swiss"]
[EventRounds "5"]
[EventCountry "ITA"]
[SourceTitle "EXT 2024"]
[Source "ChessBase"]
[SourceDate "2023.10.10"]
[SourceVersion "1"]
[SourceVersionDate "2023.10.10"]
[SourceQuality "1"]

1. d4 d5 2. g3 Nf6 3. Bg2 e6 4. Nf3 Bd6 5. 0-0 0-0 6. c4 c6 7. Nbd2 Nbd7 8. Qb3 Qb6 9. Qxb6 axb6 10. cxd5 exd5 11. Re1 Re8 12. Nh4 h6 13. e4 dxe4 14. Nxe4 Nxe4 15. Rxe4 Rxe4 16. Bxe4 Nf6 17. Bg2 Be6 18. a3 b5 19. Nf3 Ra4 20. Be3 b4 21. Nd2 bxa3 22. bxa3 Rxa3 23. Rb1 Ng4 24. Rxb7 Nxe3 25. fxe3 Rxe3 26. Bxc6 Rd3 27. Nf3 Bg4 28. Ne5 Bxe5 29. dxe5 1/2-1/2